| 000 | 00616nam a2200229Ia 4500 | ||
|---|---|---|---|
| 003 | OSt | ||
| 005 | 20220918175023.0 | ||
| 006 | a|||||r|||| 00| 0 | ||
| 007 | ta | ||
| 008 | 220917b |||||||| |||| 00| 0 eng d | ||
| 024 | _a15,188 | ||
| 037 | _cTextual | ||
| 040 |
_aARTS _cARTS _beng |
||
| 041 |
_2eng _aeng |
||
| 082 | _aO111:g, K6 | ||
| 100 | _aLevin Harry | ||
| 245 | 0 |
_aRefractions _b Essays in comparative literature |
|
| 260 |
_aLondon _bOxford University Press _c1966 |
||
| 650 | _aENGLISH LITERATURE | ||
| 942 |
_hO111:g, K6 _cTEXL _2CC |
||
| 999 |
_c155636 _d155636 |
||